1980s Movie Characters by Picture - Statistics

General Stats
  • This quiz has been taken 7,437 times
    726 since last reset
  • The average score is 10 of 20
Answer Stats
Picture Hint Answer % Correct
Raiders of the Lost Ark Indiana Jones
97%
Back to the Future Marty McFly
94%
First Blood John Rambo
86%
Return of the Jedi Luke Skywalker
84%
Top Gun Pete "Maverick" Mitchell
80%
The Terminator Sarah Connor
58%
Die Hard John McClane
57%
Dirty Dancing Frances "Baby" Houseman
53%
Aliens Ellen Ripley
51%
Star Trek II James T. Kirk
47%
Beverly Hills Cop Axel Foley
46%
The Karate Kid Daniel LaRusso
44%
Scarface Tony Montana
44%
E.T. The Extra-Terrestrial Elliott Taylor
35%
Ghostbusters Peter Venkman
32%
The Princess Bride Buttercup
30%
Lethal Weapon Martin Riggs
24%
Blade Runner Rick Deckard
14%
Predator Alan "Dutch" Schaefer
12%
The Goonies Mikey Walsh
12%
No matching quizzes found
Score Distribution
Percent of People with Each Score
Percentile by Number Answered
Your Score History
You have not taken this quiz since the last reset